| 000 | 00298 a2200121 4500 | ||
|---|---|---|---|
| 001 | 31447 | ||
| 082 | _a001.6424HAL | ||
| 090 |
_c21331 _d21331 |
||
| 100 | _aHall, Maddog | ||
| 245 | _aEssential of Assembly Language Programming for IBM PC | ||
| 260 |
_aNew Delhi _bPHI _c1998 |
||
| 505 | _aCD/DVD | ||
| 942 |
_aNUST-CAE _k001.6424HAL |
||
| 999 |
_c266520 _d266520 |
||